Fußball-Nationalspieler mit der Rückennumer 10 - Statistiken

Allgemein
  • Dieses Quiz wurde 102 mal gespielt
  • Das Durchschnittsergebnis liegt bei 12 aus 49
Antwortstatistiken
Hint Antwort % Korrekt
2024/25 Jamal Musiala
86%
08/09-15/16 Lukas Podolski
79%
16/17-17/18 Mesut Özil
63%
08/09 Mesut Özil
63%
98/99-99/00 Lothar Matthäus
62%
93/94-94/95 Lothar Matthäus
62%
88/89-90/91 Lothar Matthäus
62%
79/80-82/83 Hansi Müller
56%
20/21-23/24 Serge Gnabry
56%
20/21 Kai Havertz
42%
12/13 Julian Draxler
36%
18/19-20/21 Julian Brandt
32%
73/74 Günter Netzer
29%
71/72 Günter Netzer
29%
66/67 Günter Netzer
29%
70/71 Wolfgang Overath
26%
66/67 Wolfgang Overath
26%
02/03 Bernd Schneider
25%
94/95 Andreas Möller
24%
88/89 Andreas Möller
24%
05/06-07/08 Oliver Neuville
24%
94/95-98/99 Thomas Häßler
23%
96/97 Mario Basler
18%
82/83 Rudi Völler
18%
04/05 Sebastian Deisler
16%
00/01 Sebastian Deisler
16%
16/17 Leon Goretzka
15%
82/83 Bernd Schuster
14%
85/86-86/87 Felix Magath
14%
80/81 Felix Magath
14%
87/88-88/89 Olaf Thon
14%
88/89 Pierre Littbarski
10%
03/04-04/05 Kevin Kuranyi
9%
00/01-01/02 Dietmar Hamann
8%
00/01-01/02 Lars Ricken
8%
16/17 Lars Stindl
7%
82/83-83/84 Norbert Meier
7%
77/78 Heinz Flohe
5%
21/22-22/23 Karim Adeyemi
5%
57/58 Aki Schmidt
4%
91/92 Thomas Doll
4%
53/54 Werner Liebrich
4%
61/62 Albert Brülls
3%
75/76 Erich Beer
3%
16/17 Kerem Demirbay
3%
69/70 Siegfried Held
3%
65/66 Siegfried Held
3%
98/99 Stefan Beinlich
1%
00/01 Alexander Zickler
0%
Keine übereinstimmenden Quizze gefunden
Verteilung der Resultate
Anzahl Personen mit jedem Resultat
Perzentil nach korrekt beantworteten Fragen
Ihre Resultats-Entwicklung
Sie haben dieses Quiz noch nicht gespielt